000 00976nam a22002777a 4500
001 BD-DhSAU 9032
003 BD-DhSAU
005 20190515143604.0
008 150612b2017 bg a||||r|||| 000 0 eng d
040 _aBD-DhSAU
082 _222
_a634.9
_bAh52
100 _aAhmed , Arif
_4Reg. No12-05081
245 _aTree-crop interactions during the early establishment period of Moringa Plantation/ Ms Thesis
_cAhmed , Arif
260 _aSher-e- Bangla Agricultural University :
_bDepartment of Agroforestry and Environmental Science,
_c2017,
300 _aix, 57 p. :
_bill. ,
_c30 cm.
504 _aIncludes references.
590 _aShofi
650 _aAgroforestry
650 _aTree-crop
650 _aInteractions
650 _aMoringa Plantation
700 _a Hossain , Kausar
_eSupervisor
700 _a Naher , Nazmun
_eCo-Supervisor
856 _uhttp://archive.saulibrary.edu.bd:8080/xmlui/handle/123456789/2340
_yOnline Access
942 _2ddc
_cTHESIS
999 _c14607
_d14606